000 00814nam a2200217 a 4500
001 000014795
005 20200929163914.0
008 100122s2008 dr b 000 0 spa d
020 _a9789945458008
040 _aDO-SdBNP
082 _axxx
_bR457l
100 1 _aReyes Sánchez, Miguel
_d1966-
_92285
245 1 4 _aLas nuevas fichas del tablero internacional /
_cMiguel Reyes Sánchez ; presentación Arelis Peña Brito ; Prólogo Miguel Antonio Rodríguez Cabrer.
260 _aSanto Domingo :
_bSenderos del mundo,
_c2008.
300 _a520 p. :
_bmap ;
_c24 cm.
500 _aIncluye datos biográficos del autor en la solapa de la cubierta
500 _aIncluye notas al pie de las páginas
700 1 _aPeña Brito, Arelis
_933531
700 1 _aRodríguez Cabrer, Miguel,
_epról.
_933532
049 _aBNPD
999 _c14377
_d14377